207 - Né(es) un 26 juillet. - Statistiques

Statistiques générales
  • Ce quiz a été pris 6 fois
  • Le résultat moyen est 12 sur 19
Statistiques - réponses
Hint Année de naissance Réponse % Correct
Auteur britannique du livre "Le Meilleur des mondes" (1931). 1894 Aldous Huxley
100%
Chanteur des Rolling Stones. 1943 Michael Philip Jagger |Mick Jagger
100%
Réalisateur américain notamment de "2001: Odysée de l'espace", et "Full Metal Jacket". 1928 Stanley Kubrick
100%
Médecin psychiatre suisse, fondateur de la psychologie analytique. Auteur de "Métamorphoses de l'âme et ses symboles" 1875 Carl Gustav Jung
75%
Acteur français vus dans différents opus de la franchise "Taxi" dans le rôle de Émilien Coutant-Kerbalec. 1968 Frédéric Diefenthal
75%
Actrice britannico-américaine, faite Dame Commandeur en 2003, lauréate de deux Golden Globes dont un pour son rôle dans "The Queen". 1945 Helen Lydia Mironoff|Helen Mirren
75%
Ancien plongeur professionnel devenu acteur notamment vu dans "Le Transporteur". 1967 Jason Statham
75%
Acteur américain vu dans "Usual Suspects", "Seven", "L.A. Confidential", "American Beauty". 1959 Kevin Spacey
75%
Actrice américaine vue dans "Demolition Man", "Speed" et "Gravity" 1964 Sandra Bullock
75%
Actrice française révélée dans "Mensonges et trahisons et plus si affinités..." et "La Doublure". 1976 Alice Taglioni
50%
Psychiatre et psychanalyste français vulgarisateur du concept de la "résilience". 1937 Boris Cyrulnik
50%
Producteur de films français, tels que "Les Bidasses en folie", "L'Aile ou la Cuisse", "La Zizanie", "Les Bronzés 3 : Amis pour la vie". 1944 Christian Fechner
50%
Acteur américain connu pour avoir joué dans "Il était une fois en amérique" (Cheyenne) et "Les hommes du président" (Ben Bradlee). 1922 Jason Robards
50%
Ancienne secrétaire générale de la CFDT, cofondatrice de la société de notation Vigéo. 1947 Nicole Notat
50%
Journaliste sportif passé par Canal+ puis sur TF1 dont le nom restera associé à la finale de la coupe du monde de football en 2006. 1958 Thierry Gilardi
50%
Réalisateur américain connu notamment pour "Diamants sur canapé" et "La Panthère rose", "Le Retour de la panthère rose", "Quand la panthère rose s'emmêle…". 1922 William Blake Crump|Blake Edwards
50%
Écrivain français qui a écrit "Les Silences du colonel Bramble" en 1918. Biographe de Shelley, Byron, Victor Hugo, George Sand ou Balzac. 1885 Émile Salomon Wilhelm Herzog|André Maurois
25%
Joueur de football français, défenseur, notamment passé par Arsenal FC, Manchester City et Istanbul Başakşehir. 1985 Gaël Clichy
25%
Cofondateur de la London School of Economics et prix prix Nobel de littérature en 1925 connu pour sa pièce "Pygmalion". 1856 George Bernard Shaw
25%
Aucun quiz correspondant
Distribution des résultats
% des personnes avec chaque résultat
Percentile par nombre de réponses
Votre historique - résultats
Vous n’avez pas pris ce quiz